000 004910000a22001690004500
090 _aAR
_b03909
245 1 0 _aDie ausbeute der deutschen chaco-expedition 1925/26 - Orthoptera
650 1 4 _aEntomología
_94483
650 1 4 _aTaxonomía animal
_98245
650 1 4 _aMorfología animal
_99953
650 1 4 _aDistribución geográfica
_992997
651 4 _pArgentina
_992749
041 0 _aFrancés
100 1 _aHebard, Von Margan
_997739
942 _cARTICULO
773 1 _tKonowia
_q257-285
_d1931
999 _c12944
_d12944